| 000 | 01153cam a2200265 i 4500 | ||
|---|---|---|---|
| 001 | 111798 | ||
| 005 | 20230410142317.0 | ||
| 008 | 130805s2008 enk g b 001 ideng d | ||
| 020 | _a9780140437997 | ||
| 041 | _aeng | ||
| 050 | 1 | 4 |
_aBM 723 _bK11 2008 |
| 049 | _aGRAL | ||
| 245 | 1 | 4 |
_aThe Kabbalistic tradition : _ban anthology of Jewish mysticism / _cedited an traslated with an introduction and notes by Alan Unterman. |
| 246 | 3 | 0 | _aAnthology of Jewish mysticism. |
| 260 |
_aLondon : _bPenguin Classics / Penguin Books, _c2008. |
||
| 300 |
_axlv, 382 p. ; _c22 cm. |
||
| 504 | _aIncludes bibliographical references ( p.[354]-359 ) and index. | ||
| 505 | 0 | _aGod--- Cosmos--- Angels--- Holy scriptures: bible characteers and themes--- Natural and supernatural worlds--- Supernatural powers--- Men and women--- Rituals--- Sacred space and sacred time--- Death and afterlife--- The dark forces: Evil and sin; Demons--- Redemption. | |
| 650 |
_aMysticism _xJudaism. |
||
| 650 | 0 |
_aMysticism _xJudaism _vLiterary collections. |
|
| 650 | 0 | _aJewish culture and contexts | |
| 700 | 1 |
_aUnterman, Alan. _d1942 _eedt. |
|
| 942 |
_2lcc _cbk |
||
| 946 | _aPP | ||
| 999 |
_c93282 _d93282 |
||